header

Jin Yuelin's ontology (Record no. 245987)

MARC details
000 -LEADER
fixed length control field 01503nam a2200385 a 4500
082 04 - DEWEY DECIMAL CLASSIFICATION NUMBER
Classification number 181/.11
100 1# - MAIN ENTRY--AUTHOR NAME
Personal name Zinda, Yvonne Schulz.
245 10 - TITLE STATEMENT
Title Jin Yuelin's ontology
260 ## - PUBLICATION, DISTRIBUTION, ETC. (IMPRINT)
Place of publication Leiden ;
-- Boston :
Name of publisher Brill,
Year of publication 2012.
300 ## - PHYSICAL DESCRIPTION
Number of Pages vi, 238 p.
490 1# - SERIES STATEMENT
Series statement Modern Chinese philosophy,
500 ## - GENERAL NOTE
General note Revision of the author's thesis (Ph. D.)--Hamburg, 20012.
650 #0 - SUBJECT ADDED ENTRY--TOPICAL TERM
Topical Term Philosophy, Chinese.
Topical Term Induction (Logic)
Topical Term Ontology.
Topical Term Knowledge, Theory of.
856 40 - ELECTRONIC LOCATION AND ACCESS
Uniform Resource Identifier http://site.ebrary.com/lib/rucke/Doc?id=10539107

No items available.

© 2026 Rongo University
Contact us: librarian | system librarian | Rongo university